| 000 | 00615nam a2200205Ia 4500 | ||
|---|---|---|---|
| 005 | 20220218153625.0 | ||
| 008 | 210716s2010 xx 000 0 und d | ||
| 040 | _cAIMIT LIBRARY | ||
| 041 | _aeng | ||
| 082 |
_a519.5 _21st _bBAJN |
||
| 100 |
_aBajpai, Naval. _921115 |
||
| 245 |
_aBusiness statistics / _cBy Naval Bajpai. |
||
| 250 | _a1st ed. | ||
| 260 |
_aNew Delhi : _bDorling Kindersley , _c2010. |
||
| 300 |
_axxix,794 p.; _c28 cm. |
||
| 650 |
_aCharts and graphs _921116 |
||
| 650 |
_aMeasures of central tendency _921117 |
||
| 650 |
_aMeasures of dispersion _921118 |
||
| 942 |
_2ddc _cBK _e1st. _k519.5 BAJN |
||
| 999 |
_c206875 _d206875 |
||